Stargirl Interlude (All Lyrics) - The Weeknd ft. Lana Del Rey - Statistics

General Stats
  • This quiz has been taken 15 times
  • The average score is 113 of 115
Answer Stats
Answer % Correct
a
100%
A
100%
And
100%
are
100%
but
100%
cat
100%
'Cause
100%
couldn't
100%
cry
100%
had
100%
I
100%
(I
100%
in
100%
it
100%
it)
100%
just
100%
kitchen
100%
know
100%
like
100%
love
100%
my
100%
My
100%
of
100%
position
100%
see
100%
shine
100%
shouldn't
100%
stargirl
100%
stop
100%
the
100%
vision
100%
wanna
100%
You
100%
you
100%
arched
86%
back
86%
nails
86%
Starboy
86%
was
86%
were
86%
countertops
71%
hitting
71%
Scratching
71%
screaming
71%
No matching quizzes found
Score Distribution
Percent of People with Each Score
Percentile by Number Answered
Your Score History
You have not taken this quiz